Cornelii Schrevelii Lexicon manuale : græco-latinum et latino- græcum: studio atque opera Josephi Hill, Joannis Entick, nec non Gulielmi Bowyer, adauctum. In super quoque ad calcem adjectæ sunt sententiæ græco- latinæ, quibus omnia gr. ling. primitiva comprehenduntur. Item tractatus duo: Alter de resolutione verborum, De articulis alter; uterque perutilis, et æque desideratus.

Bibliographic Details
Main Author: Schrevel, Cornelis, 1608-1664
Other Authors: Hill, Joseph, 1625-1707, Entick, John, 1703?-1773, Bowyer, William, 1699-1777
Format: Book
Language:Latin
Greek, Modern (1453-)
Published: Philadelphiæ : Sumptibus Johnson & Warner, 1808.
Edition:Editio xix, et prima americana,
Subjects:

MARC

Tag First Indicator Second Indicator Subfields
LEADER 00000cam a2200000 4500
001 in00000970694
005 20150927114204.0
008 800925s1808 pau d 00010 lat d
035 |a (OCoLC)06750666 
035 |9 AEW8327AM 
040 |a NOC  |c NOC  |d m.c.  |d m/c  |d UtOrBLW 
041 0 |a lat  |a gre 
049 |a TXAM 
090 |a PA442  |b .S4 1808a 
100 1 |a Schrevel, Cornelis,  |d 1608-1664. 
245 1 0 |a Cornelii Schrevelii Lexicon manuale :  |b græco-latinum et latino- græcum: studio atque opera Josephi Hill, Joannis Entick, nec non Gulielmi Bowyer, adauctum. In super quoque ad calcem adjectæ sunt sententiæ græco- latinæ, quibus omnia gr. ling. primitiva comprehenduntur. Item tractatus duo: Alter de resolutione verborum, De articulis alter; uterque perutilis, et æque desideratus. 
250 |a Editio xix, et prima americana,  |b prioribus auctior et emendatior. 
264 1 |a Philadelphiæ :  |b Sumptibus Johnson & Warner,  |c 1808. 
300 |a vi, 648 unnumbered pages ;  |c 23 cm. 
336 |a text  |b txt  |2 rdacontent 
337 |a unmediated  |b n  |2 rdamedia 
338 |a volume  |b nc  |2 rdacarrier 
650 0 |a Greek language  |x Dictionaries  |x Latin. 
650 0 |a Latin language  |v Dictionaries  |x Greek. 
700 1 |a Hill, Joseph,  |d 1625-1707. 
700 1 |a Entick, John,  |d 1703?-1773. 
700 1 |a Bowyer, William,  |d 1699-1777. 
740 0 |a Lexicon manuale, græco-latinum et latino-græcum. 
999 |a MARS 
999 f f |s fbb630c3-d327-3153-b3e0-7328b8346dec  |i c5cbff51-77e4-34a9-9f4a-4665a5fc224c  |t 0 
952 f f |p ric  |a Texas A&M University  |b Rellis Campus  |c Joint Library Facility  |d Remote Storage  |t 0  |e PA442 .S4 1808a  |h Library of Congress classification  |i unmediated -- volume  |m A14813766573 
998 f f |a PA442 .S4 1808a  |t 0  |l Remote Storage